[Event "CZE-chTW U20 1011"]
[Site "Czech Republic"]
[Date "2011.01.15"]
[Round "6.6"]
[White "Gregor, Jiri1"]
[Black "Kykal, Vojtech"]
[Result "1/2-1/2"]
[WhiteElo "1700"]
[BlackElo "1541"]
[PlyCount "97"]
[EventDate "2010.10.02"]
[EventType "team-tourn"]
[EventRounds "11"]
[EventCountry "CZE"]
[SourceTitle "EXT 2012"]
[Source "ChessBase"]
[SourceDate "2011.11.24"]
[SourceVersion "1"]
[SourceVersionDate "2011.11.24"]
[SourceQuality "1"]
[WhiteTeam "Rychnov nad Kneznou (U20)"]
[BlackTeam "Horice (U20)"]
[WhiteTeamCountry "CZE"]
[BlackTeamCountry "CZE"]

1. e4 c5 2. Nf3 Nc6 3. d4 cxd4 4. Nxd4 e6 5. Nc3 a6 6. Be3 Nf6 7. Bd3 Be7 8. 0-0 0-0 9. Kh1 d5 10. Nxc6 bxc6 11. e5 Nd7 12. f4 c5 13. Rf3 g6 14. Bf2 Bb7 15. Qe1 c4 16. Bf1 Nc5 17. Bd4 Ne4 18. Rh3 Qc8 19. Nxe4 dxe4 20. c3 Bd5 21. Re3 Qc6 22. g3 Rab8 23. Rb1 Qa4 24. Qc1 Qxa2 25. Bg2 Ba3 26. Re2 Qb3 27. Qc2 Qxc2 28. Rxc2 Rb3 29. Kg1 Rfb8 30. Kf2 Rxb2 31. Rbxb2 Rxb2 32. Rxb2 Bxb2 33. Ke3 Bc1+ 34. Ke2 h6 35. Bb6 Kg7 36. Bc5 a5 37. Kd1 Bb2 38. Kc2 Ba1 39. Bd4 e3 40. Bxd5 e2 41. Kd2 exd5 42. Kxe2 a4 43. Kd2 a3 44. Kc2 a2 45. Kc1 Kf8 46. Bc5+ Ke8 47. Bd4 Kd7 48. Kc2 Ke6 49. g4 1/2-1/2